Tropical rain forest ecosystems / 14A (Record no. 23207)

MARC details
000 -LEADER
fixed length control field 01299cam a2200337 a 4500
001 - CONTROL NUMBER
control field 2314496
003 - CONTROL NUMBER IDENTIFIER
control field OSt
005 - DATE AND TIME OF LATEST TRANSACTION
control field 20211221145317.0
008 - FIXED-LENGTH DATA ELEMENTS--GENERAL INFORMATION
fixed length control field 810602m19831989ne a b 001 0 eng
010 ## - LIBRARY OF CONGRESS CONTROL NUMBER
LC control number 81007861
020 ## - INTERNATIONAL STANDARD BOOK NUMBER
International Standard Book Number 0444418105 (set)
020 ## - INTERNATIONAL STANDARD BOOK NUMBER
International Standard Book Number 0444419861 (v. A)
020 ## - INTERNATIONAL STANDARD BOOK NUMBER
International Standard Book Number 0444427554 (v. B) :
Terms of availability fl 350.00
040 ## - CATALOGING SOURCE
Original cataloging agency DLC
Transcribing agency HU
Modifying agency DLC
050 00 - LIBRARY OF CONGRESS CALL NUMBER
Classification number QH541.5.R27
Item number T76 1983
082 00 - DEWEY DECIMAL CLASSIFICATION NUMBER
Classification number 574.5/2642
Edition number 19
245 00 - TITLE STATEMENT
Title Tropical rain forest ecosystems / 14A
Statement of responsibility, etc. edited by F.B. Golley.
Remainder of title ECOSYSTEMS OF THE WORLD
260 ## - PUBLICATION, DISTRIBUTION, ETC.
Place of publication, distribution, etc. Amsterdam ;
-- New York :
Name of publisher, distributor, etc. Elsevier Scientific Pub. Co.,
Date of publication, distribution, etc. 1983-1989.
300 ## - PHYSICAL DESCRIPTION
Extent XI,381P
Other physical details HC
Dimensions 27 cm.
440 #0 - SERIES STATEMENT/ADDED ENTRY--TITLE
Title Ecosystems of the world ;
Volume/sequential designation 14
9 (RLIN) 23971
500 ## - GENERAL NOTE
General note Vol. B edited by: H. Lieth and M.J.A. Werger.
500 ## - GENERAL NOTE
General note Vol. B has imprint: Amsterdam ; New York : Elsevier ; New York, NY, U.S.A. : Distributors for the U.S. and Canada, Elsevier Science Pub. Co.
504 ## - BIBLIOGRAPHY, ETC. NOTE
Bibliography, etc. note Includes bibliographies and indexes.
505 0# - FORMATTED CONTENTS NOTE
Formatted contents note A. Structure and function -- B. Biogeographical and ecological studies.
650 #0 - SUBJECT ADDED ENTRY--TOPICAL TERM
Topical term or geographic name entry element Rain forest ecology.
9 (RLIN) 13311
700 1# - ADDED ENTRY--PERSONAL NAME
Personal name Golley, Frank B.
9 (RLIN) 12005
700 1# - ADDED ENTRY--PERSONAL NAME
Personal name Lieth, Helmut.
9 (RLIN) 23972
700 1# - ADDED ENTRY--PERSONAL NAME
Personal name Werger, M. J. A.
9 (RLIN) 23973
906 ## - LOCAL DATA ELEMENT F, LDF (RLIN)
a 7
b cbc
c orignew
d 1
e ocip
f 19
g y-gencatlg
942 ## - ADDED ENTRY ELEMENTS (KOHA)
Source of classification or shelving scheme Dewey Decimal Classification
Koha item type Books like text book referance book
Suppress in OPAC No
Holdings
Withdrawn status Lost status Source of classification or shelving scheme Damaged status Not for loan Collection code Home library Current library Shelving location Date acquired Total Checkouts Full call number Barcode Date last seen Copy number Price effective from Koha item type
    Dewey Decimal Classification     Reference Wondo Genet Library Wondo Genet Library General Stacks 12/21/2021   574.5'2642 TRO 1983 WGCFNRL00009451 12/21/2021 1 12/21/2021 Books like text book referance book
    Dewey Decimal Classification     Reference Wondo Genet Library Wondo Genet Library General Stacks 01/05/2022   574.5`2642 TRO 1983 WGCFNRL00010082 01/05/2022 2 01/05/2022 Books like text book referance book